| 000 | 00476nam a2200193Ia 4500 | ||
|---|---|---|---|
| 008 | 210210b2011 xxu||||| |||| 00| 0 eng d | ||
| 020 | _a9789380856735 | ||
| 041 | _aeng | ||
| 082 | _a658.3 SINH | ||
| 100 | _aSINGH (Narendar) | ||
| 245 | _aHuman resource management | ||
| 260 |
_aBangalore _bUniversity Press _c2011 |
||
| 300 | _axvii,653 | ||
| 650 | _aresource | ||
| 650 | _amanagement | ||
| 650 | _aHuman | ||
| 690 | _aHuman Resource Management | ||
| 906 | _a071143 | ||
| 999 |
_c120527 _d120527 |
||